Statistics for Man United XI 2022/23

Click here to take the quiz!

General Stats

  • This quiz has been taken 20 times
  • The average score is 19 of 38

Answer Stats

Player% Correct
1De Gea
100%
17Fred
89%
5Maguire
89%
39Mctominay
89%
10Rashford
89%
23Shaw
89%
19Varane
89%
29Wan-Bissaka
89%
7Ronaldo
83%
8Fernandes
78%
9Martial
78%
25Sancho
78%
2Lindelöf
67%
36Elanga
61%
4Jones
61%
6Martinez
61%
34Van de Beek
61%
18Casemiro
56%
14Eriksen
56%
22Heaton
56%
12Malacia
56%
20Dalot
50%
3Bailly
44%
49Garnacho
44%
38Tuanzebe
39%
33Williams
39%
16Diallo
33%
RAntony
22%
46Mejbri
17%
43Mengi
17%
28Pellistri
17%
47Shoretire
17%
44Chong
11%
37Garner
11%
RPulisic
6%
RGakpo
0%
RSommer
0%
RVlachodimos
0%

Score Distribution

Percentile by Number Answered

Percent of People with Each Score

Your Score History

You have not taken this quiz